| 000 | 01292cam a2200409 i 4500 | ||
|---|---|---|---|
| 001 | 3925 | ||
| 003 | KOSZ 005 | ||
| 005 | 20220104104210.0 | ||
| 008 | 990420s1999 pl a f f |000 0 pol | ||
| 015 | _aPB 1999/7897 | ||
| 020 | _a8322918755 | ||
| 040 |
_aWA N _cWA N _dKOSZ005/HR |
||
| 041 | 1 |
_apol _hspa |
|
| 046 | _k1999 | ||
| 080 | _a316.77 | ||
| 080 | _a659.1 | ||
| 080 | _a659.3/.4 | ||
| 080 | _a791.45: | ||
| 080 | _a7.097 | ||
| 080 | _a(075.8) | ||
| 245 | 0 | 0 |
_aStudia z teorii komunikowania masowego / _cpod red. Bogusławy Dobek-Ostrowskiej. |
| 260 |
_aWrocław : _bWydaw. Uniwersytetu Wrocławskiego, _c1999. |
||
| 300 |
_a168 s. : _berr. ; _c24 cm. |
||
| 380 | _aKsiążki | ||
| 388 | _a1901-2000 | ||
| 388 | _a1989-2000 | ||
| 504 | _aBibliogr. przy rozdz. | ||
| 546 | _aTekst częśc. tł. hisz. | ||
| 650 | 4 | _aKomunikacja społeczna | |
| 650 | 4 | _aŚrodki masowego przekazu | |
| 655 | 4 | _aPodręczniki akademickie | |
| 658 | _aMedia i komunikacja społeczna | ||
| 700 | 1 |
_aDobek-Ostrowska, Bogusława _d(1955- ) _eRedakcja |
|
| 710 | 2 |
_aWydawnictwo Uniwersytetu Wrocławskiego _4pbl. |
|
| 856 |
_uhttp://koha.tu.koszalin.pl/cgi-bin/koha/opac-detail.pl?biblionumber=36925 _yKatalog online BPK |
||
| 942 |
_2UKD _cKS |
||
| 999 |
_c36925 _d36925 |
||